| 000 | nam a22 a 4500 | ||
|---|---|---|---|
| 999 |
_c4529 _d4529 |
||
| 003 | AKMAL | ||
| 005 | 20170531094529.0 | ||
| 008 | 1 s1997 my 00 eng d | ||
| 020 |
_a9678904101 (pbk.): _cRgt. 7.50 |
||
| 040 | _cAKMAL | ||
| 082 | 0 | 4 | _a343.59508 EXC |
| 090 |
_a346.59508 _bEXC |
||
| 110 | 2 |
_aMalaysia _9400 |
|
| 240 | 1 | 0 |
_aAkta Kawalan Pertukaran Wang, 1953. _lEnglish |
| 245 | 1 |
_aExchange Control Act, 1953 (Act 17) : _bas at 31st May 1997 / _ccompiled by Legal Research Board |
|
| 260 |
_aKuala Lumpur : _bInternational Law Book Services, _c1997 |
||
| 300 |
_aiii, 50p. ; _c24cm |
||
| 521 | _aIntended audience: Adult | ||
| 650 |
_aForeign exchange _xLaw and legislation _zMalaysia _98755 |
||
| 650 |
_aStock-exchange _xLaw and legislation _zMalaysia _98756 |
||
| 942 |
_2ddc _cBOOK |
||